| 000 | 00447nam a2200181Ia 4500 | ||
|---|---|---|---|
| 001 | 9440 | ||
| 005 | 20260306161718.0 | ||
| 008 | 260306t1997||||xx |||||||||||||| ||spa|| | ||
| 041 | _aESP | ||
| 082 |
_a379 _bF94 |
||
| 100 |
_aFullan, Michael G. _eAUT |
||
| 245 | 0 |
_aEl cambio educativo: _bguía de planeación para maestros |
|
| 260 | _c1997 | ||
| 300 |
_a328 páginas : _c25 cm. |
||
| 650 | _aGEN | ||
| 654 | _aCED | ||
| 942 |
_cLIB _dJUS _fJUS _2ddc _n |
||
| 999 |
_c9440 _d9440 |
||